| 000 | 00720nam a2200193Ia 4500 | ||
|---|---|---|---|
| 008 | 151121s9999||||xx |||||||||||||| ||und|| | ||
| 082 | _a814/केतक | ||
| 082 | _bHNW-10224 | ||
| 100 | _aकेतकर ग।वि। | ||
| 245 | _aलोकमान्य टिळकांची भाषाशैली | ||
| 260 | _b"केतकर वि।गं।,पुणें।" | ||
| 260 | _c-- | ||
| 300 | _a100 | ||
| 600 | _aकेतकर ग।वि। | ||
| 630 | _aलोकमान्य टिळकांची भाषाशैली | ||
| 700 | _aकेतकर ग।वि। | ||
| 730 | _aलोकमान्य टिळकांची भाषाशैली | ||
| 942 | _cBOOK | ||
| 999 |
_c1215456 _d1215453 |
||